Normal view
MARC view
- Whetmore, Edward Jay
Entry Personal Name
001 - CONTROL NUMBER
- control field: 107524
003 - CONTROL NUMBER IDENTIFIER
- control field: NUST
005 - DATE AND TIME OF LATEST TRANSACTION
- control field: 20230124110042.0
008 - FIXED-LENGTH DATA ELEMENTS
- fixed length control field: 230124|| aca||aabn | a|a d
040 ## - CATALOGING SOURCE
- Original cataloging agency: NUST
- Transcribing agency: NUST
100 ## - HEADING--PERSONAL NAME
- Personal name: Whetmore, Edward Jay
670 ## - SOURCE DATA FOUND
- Source citation: Work cat.: (NUST)175272: Whetmore, Edward Jay., American electric : , c1992.
